000 02369cam a22005414i 4500
003 PE-LiUPU
005 20250731165606.0
008 150706s r 000 0 d
020 _a9505376103
035 _a(Sirsi) i9789505376100
040 _aPE-LiUPU
_bspa
_cPE-LiUPU
_erda
049 _aPRUA
082 0 4 _a001.42
_bIF24
_221
100 1 _aFassio, Adriana,
_eautor.,
_eautor.
245 1 0 _aIntroducción a la Metodología de la Investigación :
_baplicada al saber administrativo y al análisis organizacional /
_cAdriana Fassio, Liliana Pascual y Francisco M. Suárez.
250 _a2a
264 1 _aBuenos Aires :
_bMacchi,
_c2006.
300 _a173 páginas :
_bilustraciones ;
_c23 centímetros
336 _atext
_2rdacontent
337 _aunmediated
_2rdamedia
338 _avolume
_2rdacarrier
504 _aIncluye bibliografía.
505 0 _a¿Qué significa investigar? -- ¿Cómo elaborar el marco teórico? -- ¿Qué diseño de investigación es más adecuado para el proyecto que pienso llevar a cabo? -- ¿Cuál es el proceso de construcción de nuestras variables? -- ¿De quiénes predicar? ¿Cuál es el proceso de construcción de nuestras unidades de análisis? -- ¿Cómo se recolectan los datos? -- ¿Cómo pasar de los hechos a la reflexión sobe los mismos en el análisis cuantitativo? -- ¿Cómo exponer los hallazgos?.
526 _aSEG44
526 _aSEG26
526 _aP151
526 _aP150
526 _aP149
526 _aP146
526 _aP145
526 _aP126
526 _aP125
526 _aP92
526 _aP75
526 _aP74
526 _aP27
526 _aP15
541 _g001-0031424;
650 0 4 _aMetodología de la Investigación.
700 1 _aPascual, Liliana,
_eautor.
710 2 _aSuárez, Francisco M.
_eautor.
910 _agl
_bjv
_clch
_d20100415
942 _2ddc
_cBOOK
949 _a001.42 IF24
_wDEWEY
_c1
_i61330
_d2015-9-21
_e2015-9-9
_lCCODEBUL1
_mBUL
_n5
_p28.00
_r0
_sY
_tBOOK
_u2015-7-6
_xINGENIERIA
_PP27
_0COMPRA
_o.STAFF. Colección General
994 _aC0
_bPEPRU
596 _a1
999 _a001.42 IF24
_wDEWEY
_c50589
_i61330
_d50589
_e2018-4-20
_f2021-11-4
_g7
_lCCODEBUL1
_mBUL
_n8
_p28.00
_q3
_r0
_sY
_tBOOK
_u2015-7-6
_xBIBLIOTECA
_PP27
_0COMPRA
_o.STAFF. Colección General
980 _81
_gALBERTO SANCHEZ Responsable de Automatización